Municipios actuales del Reino de Jaén en un mapa - Estadísticas

Estadísticas generales
  • Esta prueba ha sido intentada 16 veces
    8 desde el último reinicio
  • La puntuación promedio es 53 de 85
Respuestas en el mapa
Las respuestas están codificadas por una escala verde-roja en el mapa de la prueba según el % correcto abajo.
 
Estadísticas de respuestas
Respuesta % Correcto
Baeza
100%
Jaén
100%
Linares
100%
Úbeda
100%
Alcalá la Real
86%
Andújar
86%
Jamilena
86%
La Carolina
86%
Mancha Real
86%
Sabiote
86%
Torreperogil
86%
Villanueva de la Reina
86%
Villanueva del Arzobispo
86%
Arjona
71%
Arjonilla
71%
Bailén
71%
Begíjar
71%
Castillo de Locubin
71%
Cazorla
71%
Guarromán
71%
Ibros
71%
Iznatoraf
71%
Jódar
71%
La Guardia de Jaén
71%
Marmolejo
71%
Martos
71%
Mengíbar
71%
Peal de Becerro
71%
Pegalajar
71%
Pozo Alcón
71%
Quesada
71%
Rus
71%
Santiago de Calatrava
71%
Torredonjimeno
71%
Valdepeñas de Jaén
71%
Vilches
71%
Villacarrillo
71%
Alcaudete
57%
Aldeaquemada
57%
Arquillos
57%
Baños de la Encina
57%
Belmez
57%
Canena
57%
Castellar
57%
Chilluévar
57%
Espeluy
57%
Frailes
57%
Fuensanta de Martos
57%
Hinojares
57%
Huelma
57%
Huesa
57%
Jimena
57%
La Iruela
57%
Lopera
57%
Los Villares
57%
Lupión
57%
Navas de San Juan
57%
Noalejo
57%
Porcuna
57%
Santa Elena
57%
Santisteban del Puerto
57%
Santo Tomé
57%
Torreblascopedro
57%
Torredelcampo
57%
Torres
57%
Villatorres
57%
Bedmar
43%
Cabra del Santo Cristo
43%
Cambil
43%
Campillo de Arenas
43%
Carboneros
43%
Carchelejo
43%
Cazalilla
43%
Escañuela
43%
Fuerte del Rey
43%
Higuera de Calatrava
43%
Jabalquinto
43%
Lahiguera
43%
Larva
43%
Montizón
43%
Sorihuela del Guadalimar
43%
Villardompardo
43%
Peñarroya-Pueblonuevo
29%
Villafranca de Córdoba
14%
Albánchez de la Mágina
0%
No se encontraron pruebas coincidentes
Distribución de puntuación
Porcentaje de gente con cada puntuación
Porcentaje por número respondido
Historial de tus puntuaciones
No has intentado esta prueba desde el último reinicio